000 00424nam a2200145Ia 4500
003 OSt
005 20260227113248.0
008 211028s2019 xx 000 0 und d
040 _cAIMIT LIBRARY
041 _aeng
100 _aShetty, Sushanth; Achar, Sumitha.
_g1716200
_98174
245 _aStudy on evaluation of training programme at LM wind power Pvt Ltd /
260 _aMangalore
_bVasantha G
_c2019
942 _2ddc
_cPRO
999 _c219742
_d219742